Á lódáil...

National seminar on new international economic order and UNCTAD.V.

Sonraí Bibleagrafaíochta
Údar Corparáideach: I.I.F.T
Formáid: Printed Book
Teanga:English
Foilsithe: New Delhi I.I.F.T. 1978
Ábhair:
LEADER 00556nam a22001577a 4500
005 20151215125550.0
008 100101t xxu||||| |||| 00| 0 eng d
082 |a 330.095 4  |b IIF 
110 |a I.I.F.T.  |9 14723 
245 |a National seminar on new international economic order and UNCTAD.V. 
300 |a Various pagination 
653 |a Economic co-operation 
942 |c BK  |6 _ 
260 |a New Delhi  |b I.I.F.T.  |c 1978 
999 |c 106714  |d 106714 
952 |0 0  |1 0  |2 ddc  |4 0  |6 330095_4IIF  |7 0  |9 134291  |a SMS  |b SMS  |c GEN  |d 2010-01-01  |o 330.095 4 IIF  |p SMS012519  |r 2010-01-01  |w 2010-01-01  |y BK